000
00302nam a22001337a 4500
008
181023b xxu||||| |||| 00| 0 eng d
020
_a
9780812974607
041
_a
eng
080
_a
316
100
_a
50
101
_a
SOC
245
_a
The Essential Feminist Reader
_c
Freedman,E.B
942
_2
udc
_c
BK
999
_c
50680
_d
50680